000
00295nam a2200145 4500
008
190521s1992||||CZ d
260
_c
1992
_b
Léciva
_a
Praha
300
_a
4430s.
245
1
0
_a
Vademecum
250
_a
1.vydanie
020
_c
0
041
1
_a
cze
044
_a
CZ
958
_a
A
999
_c
22391
_d
22391